[Event "BRA-ch U26"]
[Site "Joinville"]
[Date "2023.10.09"]
[Round "1"]
[White "Ferraz, Michel Liah"]
[Black "De Oliveira, Anderson Weslley Ca"]
[Result "1-0"]
[WhiteElo "1961"]
[BlackElo "1800"]
[PlyCount "49"]
[EventDate "2023.10.09"]
[EventType "swiss"]
[EventRounds "6"]
[EventCountry "BRA"]
[SourceTitle "CBM 216 Extra"]
[Source "ChessBase"]
[SourceDate "2023.11.30"]
[SourceVersion "1"]
[SourceVersionDate "2023.11.30"]
[SourceQuality "1"]

1. d4 d5 2. c4 e6 3. Nc3 Nf6 4. Nf3 Be7 5. Bg5 0-0 6. e3 Nc6 7. Rc1 b6 8. cxd5 exd5 9. Bd3 Be6 10. 0-0 h6 11. Bf4 Re8 12. Nb5 Bd6 13. Nxd6 cxd6 14. Rxc6 Qd7 15. Rxd6 Qe7 16. Rc6 Bg4 17. h3 Bh5 18. Qc2 Bxf3 19. gxf3 Nh5 20. Bh2 Qg5+ 21. Kh1 Qh4 22. Rg1 Kh8 23. Bf1 Qe7 24. Qf5 Nf6 25. Be5 1-0